000 00666nam a22002537a 4500
003 UA-OsUOA
001 26125
007 ta
008 20040513b un ||||| |||| 00| 0 ukr d
090 _a39(477)
_bЛ93
942 _cBK
040 _aUA-OsUOA
_bukr
_cUA-OsUOA
_dUA-OsUOA
245 _aЛюдина і довкілля
_bАнтологія. У 2 кн.
_cУпоряд.. В.С.Крисаченко
300 _a432 с.
955 _a0
041 _aukr
080 _a39(477)
020 _a5-7707-1072-1
260 _aКиїв
_bЗаповіт
_c1995
246 3 1 _aКн.1 Природа і людні
_n
044 _aUA
650 7 _2UDC
999 _c312437
_d312437